|
|
|
|
| LEADER |
00931nab#a2200325#ar4500 |
| 001 |
000108075 |
| 003 |
SVKKK |
| 005 |
20120510101725.0 |
| 008 |
120510c2010 xo |||||||||||||||b|slo |
| FMT |
|
|
|
| 038 |
|
|
|a SVKKK
|
| 040 |
|
|
|a SVKKK
|b slo
|e AACR2
|
| 041 |
0 |
|
|a slo
|
| 044 |
|
|
|a xo
|c SK
|
| 080 |
|
|
|a 373.3
|2 1997
|
| 080 |
|
|
|a 373.5
|2 1997
|
| 080 |
|
|
|a 37.014.14
|2 1997
|
| 100 |
1 |
|
|a Hajduková, Michaela
|4 aut
|
| 245 |
1 |
0 |
|a Školákov v školskom roku 2010/2011 čaká 251 pracovných a 27 voľných dní
|b po letných prázdninách ožijú základné i stredné školy vo štvrtok
|c Michaela Hajduková
|
| 300 |
|
|
|b Obr.
|
| 650 |
0 |
4 |
|a základné školy
|
| 650 |
0 |
4 |
|a stredné školy
|
| 650 |
0 |
4 |
|a školské prázdniny
|
| 651 |
|
4 |
|a Košice (Slovensko)
|
| 773 |
0 |
|
|t Košický večer. Korzár
|g Roč. XX, č. 34 (2010), s. 2
|x 1336-5320
|
| 974 |
|
|
|a Va
|
| 992 |
|
|
|a RBX
|
| BAS |
|
|
|
| 852 |
|
|
|a SVKKK
|b BIB
|
| 998 |
|
|
|a REG
|